000
00308nam a22001337a 4500
008
170204b xxu||||| |||| 00| 0 eng d
020
_a
0192651056
041
_a
eng
080
_2
13TH
_a
61
100
_a
3
101
_a
SHM
245
_a
THE EARLY DIAGNOSIS OF THE ACUTE ABDOMEN
_c
COPE, S.Z
942
_2
udc
_c
BK
999
_c
4651
_d
4651